Bayern Munich Players that won the CL - Statistics

General Stats
  • This quiz has been taken 131 times
  • The average score is 32 of 63
Answer Stats
Nation Player % Correct
Poland Robert Lewandowski
92%
Netherlands Arjen Robben
91%
Austria David Alaba
91%
Germany Thomas Müller
90%
Germany Manuel Neuer
89%
France Franck Ribery
87%
France Kingsley Coman
87%
Croatia Mario Mandzukic
84%
Canada Alphonso Davies
83%
Germany Jerome Boateng
82%
Germany Joshua Kimmich
78%
Germany Oliver Kahn
77%
Germany Philipp Lahm
77%
Germany Serge Gnabry
77%
Germany Bastian Schweinsteiger
75%
Spain Thiago
75%
Spain Javi Martinez
74%
Croatia Ivan Perisic
70%
Germany Leon Goretzka
70%
Brazil Philippe Coutinho
69%
Peru Claudio Pizarro
68%
Brazil Dante
68%
France Benjamin Pavard
62%
Switzerland Xherdan Shaqiri
62%
France Lucas Hernandez
60%
Belgium Daniel van Buyten
57%
Germany Toni Kroos
54%
France Corentin Tolisso
53%
Germany Sven Ulreich
53%
Germany Mario Gomez
52%
Brazil Rafinha
51%
Brazil Giovane Elber
49%
Germany Niklas Süle
49%
France Bixente Lizarazu
48%
Germany Jamal Musiala
47%
England Owen Hargreaves
47%
Germany Stefan Effenberg
47%
Bosnia andHerzegovina Hasan Salihamidzic
45%
Paraguay Roque Santa Cruz
42%
Ghana Samuel Kuffour
41%
Brazil Luiz Gustavo
39%
Netherlands Joshua Zirkzee
37%
France Willy Sagnol
37%
Germany Mehmet Scholl
36%
Sweden Patrik Andersson
34%
New Zealand Sarpreet Singh
30%
Germany Thomas Linke
28%
Germany Tom Starke
27%
Ukraine Anatoliy Tymoshchuk
25%
Germany Carsten Jancker
25%
Brazil Paulo Sergio
25%
Spain Alvaro Odriozola
23%
France Michael Cuisance
22%
Switzerland Ciriaco Sforza
21%
Germany Jens Jeremies
18%
Germany Alexander Zickler
17%
Germany Thorsten Fink
15%
Germany Diego Contento
14%
Germany Michael Tarnat
13%
Germany Lars Lukas Mai
10%
Germany Ron-Thorben Hoffmann
10%
Germany Bernd Dreher
5%
Germany Michael Wiesinger
3%
No matching quizzes found
Score Distribution
Percent of People with Each Score
Percentile by Number Answered
Your Score History
You have not taken this quiz